[Event "Campeonato Iberoamericano"]
[Site "Ayamonte ESP"]
[Date "2006.11.12"]
[Round "3"]
[White "Peralta, Fernando"]
[Black "Campora, Daniel H"]
[Result "1/2-1/2"]
[WhiteElo "2574"]
[BlackElo "2530"]
[PlyCount "119"]
[EventDate "2006.11.10"]
[EventType "k.o."]
[EventRounds "9"]
[EventCountry "ESP"]
[Source "lmi"]
[SourceDate "2006.11.10"]

1. d4 Nf6 2. c4 e5 3. dxe5 Ng4 4. Bf4 g5 5. Bd2 Nxe5 6. Nf3 Nxf3+ 7. exf3 Nc6
8. Bc3 Bb4 9. Be2 d6 10. O-O Bxc3 11. Nxc3 Be6 12. Qd2 Rg8 13. Rfd1 Kf8 14. Nd5
Rg7 15. Rac1 Ne5 16. f4 gxf4 17. Qxf4 Bxd5 18. cxd5 a5 19. Rc3 Nd7 20. Rdd3 a4
21. Rg3 Qf6 22. Qxf6 Nxf6 23. Rxc7 Nxd5 24. Rxb7 Rc8 25. Rf3 f6 26. Rb5 Re7 27.
Bf1 Re5 28. g3 Rc1 29. Kg2 Ke7 30. Rb7+ Ke6 31. Rxh7 Rc2 32. Rb7 Ne3+ 33. Kg1
Nd1 34. Rb4 Nxb2 35. Rbf4 f5 36. Bh3 Rcc5 37. Rb4 Rc2 38. Rbf4 Rcc5 39. Rb4 Rc2
40. Rb8 Nc4 41. Re8+ Kd5 42. Rxe5+ dxe5 43. Bxf5 Rxa2 44. Rd3+ Kc5 45. Be6 Rc2
46. h4 e4 47. Rd5+ Kb4 48. Rd1 a3 49. h5 a2 50. Ra1 Rb2 51. Kg2 e3 52. h6 Rxf2+
53. Kg1 Ne5 54. Bd5 Kc5 55. Rxa2 Rxa2 56. Bxa2 Ng4 57. Kf1 Nxh6 58. Ke2 Kd4 59.
Be6 Ke4 60. g4 1/2-1/2

[Event "Campeonato Iberoamericano"]
[Site "Ayamonte ESP"]
[Date "2006.11.12"]
[Round "3"]
[White "Barrero Garcia, Carlos"]
[Black "Fernandez Romero, Ernesto"]
[Result "1-0"]
[WhiteElo "2313"]
[BlackElo "2442"]
[PlyCount "97"]
[EventDate "2006.11.10"]
[EventType "k.o."]
[EventRounds "9"]
[EventCountry "ESP"]
[Source "lmi"]
[SourceDate "2006.11.10"]

1. d4 d5 2. c4 dxc4 3. e4 Nc6 4. Be3 e5 5. d5 Nce7 6. Bxc4 Nf6 7. Nc3 Ng6 8.
Bb5+ Nd7 9. h4 Nxh4 10. Rh2 a6 11. Bxd7+ Bxd7 12. g3 Ng6 13. f4 f5 14. Qh5 Qf6
15. fxe5 Qxe5 16. Bf4 Qe7 17. d6 Qe6 18. Re2 Kf7 19. Nd5 Bxd6 20. Bxd6 Qxd6 21.
exf5 Qxg3+ 22. Kd2 Qd6 23. fxg6+ hxg6 24. Rf1+ Kg8 25. Qe5 Qxe5 26. Rxe5 Rh2+
27. Kc1 Bb5 28. Ne7+ Kh7 29. Nf3 Bxf1 30. Nxh2 Bd3 31. Nf3 Bf5 32. Re1 Bg4 33.
Ne5 Bh5 34. N5xg6 Kh6 35. Rg1 Bxg6 36. Rxg6+ Kh7 37. Rg2 g6 38. Nxg6 Kg7 39.
Nf4+ Kf7 40. Rd2 Rf8 41. Nd5 Rc8 42. Re2 c6 43. Nb6 Rh8 44. Kc2 Rh3 45. Rd2 Ke6
46. Rd7 Rh2+ 47. Kb3 Rh3+ 48. Ka4 Rh4+ 49. Ka3 1-0

[Event "Campeonato Iberoamericano"]
[Site "Ayamonte ESP"]
[Date "2006.11.12"]
[Round "3"]
[White "De La Riva Aguado, Oscar"]
[Black "Lopez Martinez, Josep Manuel"]
[Result "1/2-1/2"]
[WhiteElo "2524"]
[BlackElo "2508"]
[PlyCount "21"]
[EventDate "2006.11.10"]
[EventType "k.o."]
[EventRounds "9"]
[EventCountry "ESP"]
[Source "lmi"]
[SourceDate "2006.11.10"]

1. e4 e5 2. Nf3 Nc6 3. d4 exd4 4. Nxd4 Bb4+ 5. c3 Bc5 6. Be3 Bb6 7. Bc4 Nge7 8.
O-O O-O 9. Re1 Kh8 10. Bb3 d6 11. Nd2 1/2-1/2

[Event "Campeonato Iberoamericano"]
[Site "Ayamonte ESP"]
[Date "2006.11.12"]
[Round "3"]
[White "Izquierdo, Daniel"]
[Black "Matamoros Franco, Carlos S"]
[Result "1/2-1/2"]
[WhiteElo "2310"]
[BlackElo "2534"]
[PlyCount "40"]
[EventDate "2006.11.10"]
[EventType "k.o."]
[EventRounds "9"]
[EventCountry "ESP"]
[Source "lmi"]
[SourceDate "2006.11.10"]

1. d4 Nf6 2. c4 g6 3. Nc3 Bg7 4. e4 d6 5. Bd3 O-O 6. Nge2 e5 7. d5 c6 8. O-O
Na6 9. a3 cxd5 10. cxd5 Bd7 11. b4 Nh5 12. Be3 f5 13. exf5 gxf5 14. f3 Nf4 15.
Bxa6 bxa6 16. Nxf4 exf4 17. Bd4 Be5 18. Bxe5 dxe5 19. Rc1 Rc8 20. d6 Qf6
1/2-1/2

[Event "Campeonato Iberoamericano"]
[Site "Ayamonte ESP"]
[Date "2006.11.12"]
[Round "3"]
[White "Guillen Ramirez, Jose Antonio"]
[Black "Prasca, Raphael"]
[Result "0-1"]
[WhiteElo "2301"]
[BlackElo "2448"]
[PlyCount "94"]
[EventDate "2006.11.10"]
[EventType "k.o."]
[EventRounds "9"]
[EventCountry "ESP"]
[Source "lmi"]
[SourceDate "2006.11.10"]

1. d4 d5 2. c4 e6 3. Nc3 c6 4. cxd5 exd5 5. Nf3 Nf6 6. Bg5 h6 7. Bh4 Bf5 8. e3
Qb6 9. Qb3 Qxb3 10. axb3 Nbd7 11. Be2 Be7 12. O-O O-O 13. Rfc1 a6 14. Na4 g5
15. Bg3 Ne4 16. Bc7 Rac8 17. Ba5 Rce8 18. Be1 Bd6 19. Nd2 Nef6 20. Bf1 g4 21.
Ra2 h5 22. Nc5 Nxc5 23. dxc5 Bb8 24. b4 h4 25. g3 hxg3 26. hxg3 Kg7 27. Nb3 Rh8
28. Bc3 Rh5 29. Raa1 Kg6 30. Bxf6 Kxf6 31. Nd4 Be4 32. Bg2 Be5 33. Re1 Bxd4 34.
exd4 Bxg2 35. Kxg2 Reh8 36. Rg1 Rh2+ 37. Kf1 Re8 38. Re1 Rxe1+ 39. Kxe1 Kf5 40.
Ke2 Ke4 41. Rd1 Rh6 42. Rd3 Rf6 43. Rd1 Rf3 44. Rh1 Rb3 45. Rh7 Rxb2+ 46. Ke1
Rxb4 47. Rxf7 Kxd4 0-1

[Event "Campeonato Iberoamericano"]
[Site "Ayamonte ESP"]
[Date "2006.11.13"]
[Round "4"]
[White "Barria, Daniel"]
[Black "Perera Casina, Antonio"]
[Result "1-0"]
[WhiteElo "2426"]
[BlackElo "2124"]
[PlyCount "75"]
[EventDate "2006.11.10"]
[EventType "k.o."]
[EventRounds "9"]
[EventCountry "ESP"]
[Source "lmi"]
[SourceDate "2006.11.10"]

1. d4 g6 2. e4 d6 3. c4 Bg7 4. Nc3 Nf6 5. Nf3 O-O 6. Be2 e5 7. d5 Nbd7 8. Qc2
a5 9. h3 Nc5 10. Be3 Ne8 11. O-O-O f5 12. g4 fxe4 13. Ng5 Bh6 14. Ngxe4 Bxe3+
15. fxe3 Bd7 16. Nxc5 dxc5 17. Ne4 b6 18. Bd3 Qe7 19. g5 Bf5 20. h4 Bxe4 21.
Bxe4 Nd6 22. Bg2 Rae8 23. Bh3 Nf5 24. Qd3 Qd6 25. Bg4 b5 26. cxb5 a4 27. Kb1
Rb8 28. Rc1 a3 29. b3 e4 30. Qc3 Rxb5 31. h5 Rfb8 32. hxg6 Qxg6 33. Rcf1 Ng7
34. Be2 R5b6 35. Bc4 Qd6 36. Rh6 Qd8 37. d6+ Kh8 38. g6 1-0

[Event "Campeonato Iberoamericano"]
[Site "Ayamonte ESP"]
[Date "2006.11.13"]
[Round "4"]
[White "Mekhitarian, Krikor Sevag"]
[Black "Bruzon, Lazaro"]
[Result "0-1"]
[WhiteElo "2425"]
[BlackElo "2648"]
[PlyCount "94"]
[EventDate "2006.11.10"]
[EventType "k.o."]
[EventRounds "9"]
[EventCountry "ESP"]
[Source "lmi"]
[SourceDate "2006.11.10"]

1. e4 e5 2. Nf3 Nc6 3. Bb5 a6 4. Ba4 Nf6 5. O-O Be7 6. Re1 b5 7. Bb3 d6 8. c3
O-O 9. h3 Na5 10. Bc2 c5 11. d4 Qc7 12. d5 Bd7 13. b3 Nb7 14. a4 Rab8 15. Nbd2
g6 16. Nf1 Nh5 17. Bh6 Ng7 18. axb5 axb5 19. b4 Rfc8 20. Bd3 Ra8 21. Qe2 c4 22.
Bc2 Nd8 23. Red1 Qb7 24. Qe1 Rxa1 25. Rxa1 Ra8 26. Qb1 f6 27. Ra2 Nf7 28. Bd2
Rxa2 29. Qxa2 f5 30. Ng3 f4 31. Nf1 Bd8 32. Bd1 Bb6 33. Be1 Ne8 34. N1h2 Nf6
35. Nd2 Qc8 36. Ng4 Nxg4 37. Bxg4 Bxg4 38. hxg4 Qxg4 39. Qa6 Qe2 40. Nf3 Bd8
41. Qxb5 g5 42. Qd7 h5 43. b5 g4 44. b6 gxf3 45. b7 Qxe1+ 46. Kh2 Qxf2 47. Qh3
Qg3+ 0-1

[Event "Campeonato Iberoamericano"]
[Site "Ayamonte ESP"]
[Date "2006.11.13"]
[Round "4"]
[White "Vera, Reynaldo"]
[Black "Narciso Dublan, Marc"]
[Result "1/2-1/2"]
[WhiteElo "2510"]
[BlackElo "2511"]
[PlyCount "59"]
[EventDate "2006.11.10"]
[EventType "k.o."]
[EventRounds "9"]
[EventCountry "ESP"]
[Source "lmi"]
[SourceDate "2006.11.10"]

1. d4 Nf6 2. c4 e6 3. Nc3 d5 4. cxd5 exd5 5. Bg5 c6 6. e3 Be7 7. Qc2 Nbd7 8.
Bd3 Nh5 9. Bxe7 Qxe7 10. Nge2 g6 11. O-O O-O 12. Rab1 Nb6 13. Rfe1 Be6 14. Na4
Nxa4 15. Qxa4 a6 16. Qa3 Qh4 17. Qb4 Rab8 18. a4 Rfc8 19. Qd2 Nf6 20. Ng3 c5
21. dxc5 Rxc5 22. b4 Rcc8 23. b5 Qxa4 24. Ra1 Qh4 25. bxa6 bxa6 26. Bxa6 Rd8
27. Rab1 Rxb1 28. Rxb1 d4 29. exd4 Qxd4 30. Qxd4 1/2-1/2

[Event "Campeonato Iberoamericano"]
[Site "Ayamonte ESP"]
[Date "2006.11.13"]
[Round "4"]
[White "Teran Alvarez, Ismael"]
[Black "Campora, Daniel H"]
[Result "1-0"]
[WhiteElo "2413"]
[BlackElo "2530"]
[PlyCount "197"]
[EventDate "2006.11.10"]
[EventType "k.o."]
[EventRounds "9"]
[EventCountry "ESP"]
[Source "lmi"]
[SourceDate "2006.11.10"]

1. e4 c6 2. d4 d5 3. e5 Bf5 4. Nf3 e6 5. Be2 Nd7 6. O-O f6 7. c4 Ne7 8. exf6
Nxf6 9. Nh4 Qd7 10. Nc3 O-O-O 11. c5 Qc7 12. Qa4 Qb8 13. g3 Kd7 14. Bf4 Qa8 15.
Rfe1 Ke8 16. b4 a6 17. Qb3 Kf7 18. a4 h6 19. Be5 Nd7 20. Bh5+ Kg8 21. Bc7 Rc8
22. Bd6 Nf6 23. Bxe7 Nxh5 24. Nxf5 exf5 25. Nxd5 cxd5 26. Qxd5+ Kh7 27. Qxf5+
g6 28. Qf7+ Bg7 29. Re6 Rc6 30. Qxg6+ Kg8 31. d5 Rxe6 32. Qxe6+ Kh7 33. Qf5+
Kg8 34. Qxh5 Bxa1 35. d6 Kg7 36. Qg4+ Kf7 37. Qf5+ Kg7 38. Qg4+ Kf7 39. Qf5+
Kg7 40. d7 Qb8 41. b5 axb5 42. axb5 Qa8 43. c6 bxc6 44. bxc6 Qxc6 45. d8=Q Rxd8
46. Bxd8 Qc1+ 47. Kg2 Qc6+ 48. Qf3 Qd7 49. Bb6 Qe6 50. Bc5 Bf6 51. h3 Qe5 52.
Be3 h5 53. Bf4 Qc5 54. Qb7+ Kg6 55. Qe4+ Kg7 56. Be3 Qb5 57. h4 Qd7 58. Kh2 Qb5
59. Qf4 Qe2 60. Qf5 Bb2 61. Qd7+ Kg6 62. Qe6+ Bf6 63. Qg8+ Kf5 64. Qc8+ Kg6 65.
Qe8+ Kf5 66. Qd7+ Kg6 67. Kg2 Bb2 68. Qd2 Qb5 69. Qd6+ Kf7 70. Qc7+ Ke8 71.
Qc8+ Kf7 72. Qc5 Qe2 73. Qd5+ Kg6 74. Qg8+ Kf5 75. Qf7+ Ke5 76. Qf3 Qxf3+ 77.
Kxf3 Kf5 78. Bg5 Bd4 79. Kg2 Bc3 80. f3 Bd4 81. Kh3 Bc3 82. g4+ Kg6 83. Kg3
Be1+ 84. Kg2 Ba5 85. Kf2 Bc7 86. Ke3 Bd6 87. Ke4 Bc7 88. Kd5 Bh2 89. Ke4 Bg3
90. Bd8 Be1 91. Kd5 Bd2 92. Ke6 Bf4 93. Be7 Bg3 94. g5 Kg7 95. Bf6+ Kg6 96. Bd8
Kg7 97. Kf5 Bxh4 98. Bf6+ Kg8 99. Kg6 1-0

[Event "Campeonato Iberoamericano"]
[Site "Ayamonte ESP"]
[Date "2006.11.13"]
[Round "4"]
[White "Zambrana, Oswaldo"]
[Black "Peralta, Fernando"]
[Result "1-0"]
[WhiteElo "2427"]
[BlackElo "2574"]
[PlyCount "93"]
[EventDate "2006.11.10"]
[EventType "k.o."]
[EventRounds "9"]
[EventCountry "ESP"]
[Source "lmi"]
[SourceDate "2006.11.10"]

1. e4 d6 2. d4 Nf6 3. Nc3 g6 4. f4 Bg7 5. Nf3 O-O 6. Bd3 Na6 7. O-O c5 8. d5
Rb8 9. a4 Nb4 10. Bc4 a6 11. Qe2 e6 12. dxe6 Bxe6 13. Bxe6 fxe6 14. e5 dxe5 15.
Nxe5 Qc7 16. Nc4 Rbe8 17. Ne4 Nxe4 18. Qxe4 b5 19. axb5 axb5 20. Ne3 Qd7 21. g3
Qd4 22. Qg2 Qd7 23. Rd1 Qc7 24. c3 Nc6 25. Ra6 Nb8 26. Ra8 Rd8 27. Rxd8 Rxd8
28. Qe4 Qd7 29. Kg2 Kf7 30. Ng4 Qd5 31. Qxd5 exd5 32. Ra5 d4 33. cxd4 cxd4 34.
Rxb5 Rc8 35. Rb7+ Kg8 36. Bd2 Rc2 37. Rxb8+ Kf7 38. Rb7+ Kg8 39. Kf3 Rxd2 40.
b4 Rb2 41. Ke4 Rb3 42. Ne5 Bxe5 43. fxe5 d3 44. Ke3 h5 45. b5 Kf8 46. b6 g5 47.
Rb8+ 1-0

[Event "Campeonato Iberoamericano"]
[Site "Ayamonte ESP"]
[Date "2006.11.13"]
[Round "4"]
[White "Perez Candelario, Manuel"]
[Black "Zuluaga, Cesar"]
[Result "1-0"]
[WhiteElo "2496"]
[BlackElo "2278"]
[PlyCount "61"]
[EventDate "2006.11.10"]
[EventType "k.o."]
[EventRounds "9"]
[EventCountry "ESP"]
[Source "lmi"]
[SourceDate "2006.11.10"]

1. e4 c5 2. Nf3 e6 3. d4 cxd4 4. Nxd4 Nc6 5. Nc3 Qc7 6. Be3 a6 7. Qd2 Nf6 8.
O-O-O Bb4 9. f3 Ne5 10. Nb3 b5 11. Kb1 Be7 12. Qf2 Rb8 13. Ba7 Rb7 14. Bd4 d6
15. g4 h6 16. h4 Bd7 17. Bg2 b4 18. Ne2 Nc4 19. g5 Nh5 20. f4 e5 21. Bf3 g6 22.
Bxh5 gxh5 23. fxe5 dxe5 24. Rhf1 O-O 25. Bc5 Bg4 26. gxh6 Qc6 27. Rg1 Rc7 28.
Bxe7 Rxe7 29. Ng3 Qb6 30. Qxb6 Nxb6 31. Nxh5 1-0

[Event "Campeonato Iberoamericano"]
[Site "Ayamonte ESP"]
[Date "2006.11.13"]
[Round "4"]
[White "Fernandez Romero, Ernesto"]
[Black "De La Riva Aguado, Oscar"]
[Result "1/2-1/2"]
[WhiteElo "2442"]
[BlackElo "2524"]
[PlyCount "29"]
[EventDate "2006.11.10"]
[EventType "k.o."]
[EventRounds "9"]
[EventCountry "ESP"]
[Source "lmi"]
[SourceDate "2006.11.10"]

1. e4 c5 2. Nf3 Nc6 3. d4 cxd4 4. Nxd4 e6 5. Nc3 Qc7 6. Be2 a6 7. O-O Nf6 8.
Be3 Bb4 9. Na4 O-O 10. Nxc6 bxc6 11. Nb6 Rb8 12. Nxc8 Rfxc8 13. Bxa6 Rf8 14.
Bd3 Bd6 15. f4 1/2-1/2

[Event "Campeonato Iberoamericano"]
[Site "Ayamonte ESP"]
[Date "2006.11.13"]
[Round "4"]
[White "Matamoros Franco, Carlos S"]
[Black "Prasca, Raphael"]
[Result "1-0"]
[WhiteElo "2534"]
[BlackElo "2448"]
[PlyCount "61"]
[EventDate "2006.11.10"]
[EventType "k.o."]
[EventRounds "9"]
[EventCountry "ESP"]
[Source "lmi"]
[SourceDate "2006.11.10"]

1. c4 Nf6 2. g3 c6 3. Bg2 d5 4. Nf3 dxc4 5. O-O Nbd7 6. Qc2 Nb6 7. a4 a5 8. Na3
Be6 9. Ng5 Qd7 10. e4 h5 11. Rb1 h4 12. b3 hxg3 13. hxg3 cxb3 14. Rxb3 Bxb3 15.
Qxb3 e5 16. Qxb6 Ng4 17. Nc2 Be7 18. Nf3 Ra6 19. Qb3 b5 20. d4 exd4 21. Ncxd4
bxa4 22. Qb8+ Qd8 23. Qf4 Nh6 24. Qe5 c5 25. Bxh6 Raxh6 26. Nf5 f6 27. Qe6 R6h7
28. Rb1 g6 29. Nxe7 Rxe7 30. Qxf6 Rg8 31. Bf1 1-0

[Event "Campeonato Iberoamericano"]
[Site "Ayamonte ESP"]
[Date "2006.11.13"]
[Round "4"]
[White "Fernandes, Antonio"]
[Black "Guillen Ramirez, Jose Antonio"]
[Result "1/2-1/2"]
[WhiteElo "2453"]
[BlackElo "2301"]
[PlyCount "62"]
[EventDate "2006.11.10"]
[EventType "k.o."]
[EventRounds "9"]
[EventCountry "ESP"]
[Source "lmi"]
[SourceDate "2006.11.10"]

1. d4 Nf6 2. Bg5 e6 3. e4 h6 4. Bxf6 Qxf6 5. c3 d6 6. Bd3 g6 7. Ne2 Bg7 8. f4
Qh4+ 9. g3 Qe7 10. Nd2 Nd7 11. Qa4 O-O 12. e5 dxe5 13. fxe5 Nb6 14. Qd1 c5 15.
Ne4 cxd4 16. cxd4 Bd7 17. O-O Nd5 18. Qd2 Bc6 19. a3 Rad8 20. Rf2 f5 21. exf6
Nxf6 22. Nxf6+ Rxf6 23. Rxf6 Qxf6 24. Rf1 Qe7 25. Bxg6 Qd6 26. Bf7+ Kh8 27. Rf6
Qf8 28. Rf2 Qd6 29. Rf6 Qf8 30. Rf2 Qd6 31. Rf6 Qf8 1/2-1/2

[Event "Campeonato Iberoamericano"]
[Site "Ayamonte ESP"]
[Date "2006.11.13"]
[Round "4"]
[White "Izquierdo, Daniel"]
[Black "Mecking, Henrique"]
[Result "0-1"]
[WhiteElo "2310"]
[BlackElo "2565"]
[PlyCount "90"]
[EventDate "2006.11.10"]
[EventType "k.o."]
[EventRounds "9"]
[EventCountry "ESP"]
[Source "lmi"]
[SourceDate "2006.11.10"]

1. d4 Nf6 2. c4 e6 3. Nc3 Bb4 4. e3 O-O 5. Bd3 c5 6. Nge2 d5 7. a3 cxd4 8. exd4
Bxc3+ 9. bxc3 b6 10. cxd5 exd5 11. O-O Ba6 12. Bc2 Nbd7 13. Re1 Qc7 14. Bf4 Qc6
15. Rc1 Rfe8 16. Ng3 Rxe1+ 17. Qxe1 Re8 18. Qd1 Qe6 19. h3 g6 20. Bd3 Bxd3 21.
Qxd3 a5 22. c4 dxc4 23. Qxc4 Qxc4 24. Rxc4 Re1+ 25. Kh2 h5 26. f3 Kg7 27. Rc1
Rxc1 28. Bxc1 Nd5 29. Kg1 Kf6 30. Kf2 Ke6 31. Ke2 Kd6 32. Kd3 Kc6 33. Kc4 b5+
34. Kd3 b4 35. axb4 Nxb4+ 36. Kc4 Nb6+ 37. Kb3 Kb5 38. Ne4 a4+ 39. Kc3 Na2+ 40.
Kb2 Nxc1 41. Kxc1 Kc4 42. Nd6+ Kb3 43. Nxf7 a3 44. Kb1 Nd5 45. Ne5 a2+ 0-1

[Event "Campeonato Iberoamericano"]
[Site "Ayamonte ESP"]
[Date "2006.11.14"]
[Round "5"]
[White "Narciso Dublan, Marc"]
[Black "Barria, Daniel"]
[Result "0-1"]
[WhiteElo "2511"]
[BlackElo "2426"]
[PlyCount "59"]
[EventDate "2006.11.10"]
[EventType "k.o."]
[EventRounds "9"]
[EventCountry "ESP"]
[Source "lmi"]
[SourceDate "2006.11.10"]

1. e4 c5 2. Nf3 e6 3. d4 cxd4 4. Nxd4 a6 5. Bd3 Ne7 6. f4 Nec6 7. Nf3 d6 8. Be3
Nd7 9. Nc3 Be7 10. Qd2 O-O 11. O-O-O Qc7 12. Kb1 b5 13. g4 Nc5 14. g5 b4 15.
Ne2 a5 16. Ng3 a4 17. f5 b3 18. f6 Bd8 19. fxg7 Re8 20. Nh5 Nxd3 21. cxd3 a3
22. Rc1 e5 23. Nh4 Bg4 24. Ng3 axb2 25. Qxb2 Rxa2 26. Qc3 Bxg5 27. Bxg5 Rea8
28. Qxb3 Be6 29. Nhf5 Ra1+ 30. Kc2 0-1

[Event "Campeonato Iberoamericano"]
[Site "Ayamonte ESP"]
[Date "2006.11.14"]
[Round "5"]
[White "Perera Casina, Antonio"]
[Black "Mekhitarian, Krikor Sevag"]
[Result "0-1"]
[WhiteElo "2124"]
[BlackElo "2425"]
[PlyCount "86"]
[EventDate "2006.11.10"]
[EventType "k.o."]
[EventRounds "9"]
[EventCountry "ESP"]
[Source "lmi"]
[SourceDate "2006.11.10"]

1. Nf3 c5 2. g3 Nc6 3. Bg2 g6 4. O-O Bg7 5. d3 e5 6. e4 Nge7 7. c3 O-O 8. Nh4
d6 9. f4 exf4 10. gxf4 f5 11. Nd2 Kh8 12. Ndf3 Rb8 13. Qb3 b5 14. Ng5 c4 15.
dxc4 Na5 16. Qc2 Nxc4 17. Kh1 fxe4 18. Bxe4 d5 19. Bg2 d4 20. cxd4 Nf5 21. Nxf5
Bxf5 22. Qe2 Qxd4 23. Rd1 Qb6 24. a4 Rbe8 25. Qf1 Nxb2 26. Bxb2 Bxb2 27. Ra2
bxa4 28. Rxa4 h6 29. Ne4 Rd8 30. Re1 Rf7 31. Ra6 Qb4 32. Rc6 Rfd7 33. h3 Qxe1
34. Qxe1 Rd1 35. Qxd1 Rxd1+ 36. Kh2 Bc1 37. Kg3 Rd3+ 38. Kf2 Bxf4 39. Ra6 Rb3
40. Nd6 Bg3+ 41. Kg1 Rb1+ 42. Bf1 Bxh3 43. Nf7+ Kg7 0-1

[Event "Campeonato Iberoamericano"]
[Site "Ayamonte ESP"]
[Date "2006.11.14"]
[Round "5"]
[White "Zuluaga, Cesar"]
[Black "Teran Alvarez, Ismael"]
[Result "0-1"]
[WhiteElo "2278"]
[BlackElo "2413"]
[PlyCount "80"]
[EventDate "2006.11.10"]
[EventType "k.o."]
[EventRounds "9"]
[EventCountry "ESP"]
[Source "lmi"]
[SourceDate "2006.11.10"]

1. d4 Nf6 2. Nf3 c5 3. e3 g6 4. Bd3 Bg7 5. O-O O-O 6. Nbd2 b6 7. c4 cxd4 8.
exd4 d5 9. b3 Nc6 10. Bb2 Bb7 11. Rc1 Nh5 12. Bb1 dxc4 13. Nxc4 Nf4 14. Re1 Rc8
15. Be4 Nd5 16. Nfe5 b5 17. Nd2 Nxe5 18. Rxc8 Qxc8 19. dxe5 Nb4 20. Qf3 Bxe4
21. Qxe4 Nxa2 22. Nf3 a5 23. h4 Nc3 24. Qe3 Nd5 25. Qd2 Nb4 26. Rc1 Qd8 27. Qc3
Na2 28. Qc2 Nxc1 29. Qxc1 Qd5 30. Qe3 a4 31. bxa4 bxa4 32. Ba3 Rb8 33. Bxe7 Re8
34. Bd6 Qxd6 35. exd6 Rxe3 36. fxe3 Kf8 37. Nd2 a3 38. h5 a2 39. Nb3 a1=Q+ 40.
Nxa1 Bxa1 0-1

[Event "Campeonato Iberoamericano"]
[Site "Ayamonte ESP"]
[Date "2006.11.14"]
[Round "5"]
[White "Peralta, Fernando"]
[Black "Perez Candelario, Manuel"]
[Result "1-0"]
[WhiteElo "2574"]
[BlackElo "2496"]
[PlyCount "59"]
[EventDate "2006.11.10"]
[EventType "k.o."]
[EventRounds "9"]
[EventCountry "ESP"]
[Source "lmi"]
[SourceDate "2006.11.10"]

1. d4 d5 2. c4 e5 3. dxe5 d4 4. Nf3 Nc6 5. a3 Nge7 6. b4 Ng6 7. Bb2 a5 8. b5
Ncxe5 9. Qxd4 Qxd4 10. Bxd4 Nxc4 11. e3 Nd6 12. Nbd2 Bd7 13. a4 f6 14. Be2 Ne7
15. O-O Nd5 16. Rfc1 c6 17. bxc6 Bxc6 18. Bc5 Nf5 19. Nb3 Nb4 20. Bb6 Bd7 21.
Bxa5 Nc6 22. Bb6 Be6 23. Nc5 Bxc5 24. Bxc5 Kf7 25. Rcb1 Na5 26. e4 Ne7 27. Nd4
Bd7 28. Nb5 Ng6 29. Nd6+ Ke6 30. Bg4+ 1-0

[Event "Campeonato Iberoamericano"]
[Site "Ayamonte ESP"]
[Date "2006.11.14"]
[Round "5"]
[White "Campora, Daniel H"]
[Black "Zambrana, Oswaldo"]
[Result "1/2-1/2"]
[WhiteElo "2530"]
[BlackElo "2427"]
[PlyCount "62"]
[EventDate "2006.11.10"]
[EventType "k.o."]
[EventRounds "9"]
[EventCountry "ESP"]
[Source "lmi"]
[SourceDate "2006.11.10"]

1. g3 d5 2. Bg2 Nf6 3. Nf3 g6 4. b4 Bg7 5. Bb2 O-O 6. O-O c6 7. d3 a5 8. a3
axb4 9. axb4 Rxa1 10. Bxa1 Na6 11. c3 Ne8 12. Nbd2 Nd6 13. Qa4 Bd7 14. c4 Bxa1
15. Rxa1 dxc4 16. dxc4 Be6 17. Nd4 Nc7 18. Nxe6 Nxe6 19. Qa7 Nc8 20. Qa2 Qd4
21. e3 Qc3 22. Ne4 Qd3 23. h4 Nb6 24. Rc1 Ra8 25. Qd2 Qxd2 26. Nxd2 Ra2 27. Nb3
Rb2 28. Na5 Rxb4 29. Nxb7 c5 30. Bh3 Nc7 31. Nxc5 Rxc4 1/2-1/2

[Event "Campeonato Iberoamericano"]
[Site "Ayamonte ESP"]
[Date "2006.11.14"]
[Round "5"]
[White "De La Riva Aguado, Oscar"]
[Black "Mateo, Ramon"]
[Result "1-0"]
[WhiteElo "2524"]
[BlackElo "2415"]
[PlyCount "61"]
[EventDate "2006.11.10"]
[EventType "k.o."]
[EventRounds "9"]
[EventCountry "ESP"]
[Source "lmi"]
[SourceDate "2006.11.10"]

1. e4 c5 2. Nf3 d6 3. d4 cxd4 4. Nxd4 Nf6 5. Nc3 a6 6. Be3 e6 7. Qd2 b5 8. f3
Bb7 9. O-O-O Nc6 10. g4 Rc8 11. g5 Nd7 12. Nxc6 Bxc6 13. Kb1 Ne5 14. f4 Nc4 15.
Bxc4 bxc4 16. Rhf1 Qa5 17. Ka1 Rb8 18. f5 Be7 19. f6 gxf6 20. gxf6 Bf8 21. Rg1
Qb4 22. Rb1 Rc8 23. a3 Qa5 24. Bh6 Qe5 25. Bxf8 Rxf8 26. Rbf1 h6 27. Rg4 Rh8
28. Rg7 Rd8 29. Qf2 Qc5 30. Qg3 Rf8 31. Rxf7 1-0

[Event "Campeonato Iberoamericano"]
[Site "Ayamonte ESP"]
[Date "2006.11.14"]
[Round "5"]
[White "Lopez Martinez, Josep Manuel"]
[Black "Fernandez Romero, Ernesto"]
[Result "1/2-1/2"]
[WhiteElo "2508"]
[BlackElo "2442"]
[PlyCount "39"]
[EventDate "2006.11.10"]
[EventType "k.o."]
[EventRounds "9"]
[EventCountry "ESP"]
[Source "lmi"]
[SourceDate "2006.11.10"]

1. e4 e6 2. d4 d5 3. Nc3 Bb4 4. e5 c5 5. a3 Bxc3+ 6. bxc3 Ne7 7. Qg4 O-O 8. Bd3
f5 9. exf6 Rxf6 10. Bg5 Rf7 11. Qh5 h6 12. Nf3 Nbc6 13. Bh7+ Kxh7 14. Qxf7 hxg5
15. h4 g4 16. Qh5+ Kg8 17. Ng5 Bd7 18. Qf7+ Kh8 19. Qh5+ Kg8 20. Qf7+ 1/2-1/2

[Event "Campeonato Iberoamericano"]
[Site "Ayamonte ESP"]
[Date "2006.11.14"]
[Round "5"]
[White "Mecking, Henrique"]
[Black "Matamoros Franco, Carlos S"]
[Result "1/2-1/2"]
[WhiteElo "2565"]
[BlackElo "2534"]
[PlyCount "112"]
[EventDate "2006.11.10"]
[EventType "k.o."]
[EventRounds "9"]
[EventCountry "ESP"]
[Source "lmi"]
[SourceDate "2006.11.10"]

1. d4 Nf6 2. c4 g6 3. Nc3 Bg7 4. e4 d6 5. f3 O-O 6. Nge2 c5 7. Be3 Qa5 8. Nc1
cxd4 9. Nb3 Qh5 10. Nxd4 Nc6 11. Be2 Qh4+ 12. g3 Qh3 13. Qd2 Nxd4 14. Bxd4 Bh6
15. Be3 Bxe3 16. Qxe3 Be6 17. Nd1 Rfc8 18. b3 Qh5 19. O-O a6 20. Nf2 b5 21.
cxb5 axb5 22. Qd2 Qe5 23. f4 Qc5 24. Bf3 Qc3 25. Qxc3 Rxc3 26. Be2 b4 27. Bb5
Ra5 28. Ba4 Bd7 29. a3 bxa3 30. Rxa3 Rxa4 31. Rxa4 Bxa4 32. bxa4 Ra3 33. Re1
Rxa4 34. e5 dxe5 35. Rxe5 Ra1+ 36. Kg2 Ra2 37. h3 e6 38. Re3 h5 39. Kf3 Nd5 40.
Rb3 h4 41. Ne4 hxg3 42. Kxg3 Ra4 43. Nc3 Nxc3 44. Rxc3 Kg7 45. Rc7 Kf6 46. h4
Ra5 47. Kg4 Rf5 48. Rc6 Ke7 49. Rc7+ Kd6 50. Ra7 e5 51. fxe5+ Kxe5 52. Ra5+ Ke4
53. Ra4+ Ke3 54. Ra3+ Kf2 55. h5 Rxh5 56. Rf3+ Ke2 1/2-1/2

[Event "Campeonato Iberoamericano"]
[Site "Ayamonte ESP"]
[Date "2006.11.14"]
[Round "5"]
[White "Guillen Ramirez, Jose Antonio"]
[Black "Izquierdo, Daniel"]
[Result "1/2-1/2"]
[WhiteElo "2301"]
[BlackElo "2310"]
[PlyCount "96"]
[EventDate "2006.11.10"]
[EventType "k.o."]
[EventRounds "9"]
[EventCountry "ESP"]
[Source "lmi"]
[SourceDate "2006.11.10"]

1. e4 c6 2. d4 d5 3. exd5 cxd5 4. c4 Nf6 5. Nc3 g6 6. cxd5 Bg7 7. Bc4 O-O 8.
Nge2 Na6 9. a3 Nc7 10. Nf4 b6 11. O-O Bb7 12. Qb3 Qd7 13. Re1 Rad8 14. h3 Nfxd5
15. Nfxd5 Nxd5 16. Nxd5 Bxd5 17. Bxd5 Qxd5 18. Qxd5 Rxd5 19. Rxe7 Rxd4 20. Be3
Ra4 21. b3 Bxa1 22. bxa4 Ra8 23. Rb7 Be5 24. Kf1 Bd6 25. a5 bxa5 26. a4 a6 27.
Bd2 Rc8 28. Rb6 Bb4 29. Bxb4 axb4 30. Rxb4 Rc1+ 31. Ke2 Ra1 32. g4 g5 33. Kf3
Kg7 34. Kg3 Ra3+ 35. f3 f6 36. h4 gxh4+ 37. Kxh4 Rxf3 38. Rb6 Kg6 39. Rxa6 Rf4
40. Kg3 Rb4 41. Ra8 h5 42. gxh5+ Kxh5 43. a5 Kg5 44. a6 Rb3+ 45. Kg2 Ra3 46. a7
Kf5 47. Kf2 Kf4 48. Rf8 Rxa7 1/2-1/2